[Event "21. Copenhagen Open  (Politiken Cup)"]
[Site "Copenhagen"]
[Date "1999.07.10"]
[Round "7"]
[White "Jensen, Jan Kargaard"]
[Black "Al Saad, Mofid"]
[Result "0-1"]
[WhiteElo "1740"]
[BlackElo "1323"]
[PlyCount "78"]
[EventDate "1999.07.03"]
[EventType "swiss"]
[EventRounds "11"]
[EventCountry "DEN"]
[SourceDate "2004.01.01"]

1. e4 c5 2. Nf3 Nc6 3. Bb5 g6 4. O-O Bg7 5. Bxc6 bxc6 6. Re1 d6 7. d3 Rb8 8. c3
e5 9. Nbd2 Nf6 10. d4 cxd4 11. cxd4 Qc7 12. dxe5 dxe5 13. Nc4 O-O 14. b3 Nh5
15. Ba3 c5 16. Qc2 Re8 17. Rad1 Bf8 18. Ne3 Qa5 19. Nc4 Qc7 20. Bb2 Bg7 21. Bc3
Bg4 22. Ne3 Bxf3 23. gxf3 Qe7 24. Nd5 Qh4 25. Qe2 Rbd8 26. Qf1 f5 27. Bd2 Kh8
28. Qg2 Nf4 29. Bxf4 exf4 30. Nc7 Rg8 31. Ne6 Rxd1 32. Rxd1 Bf6 33. Qf1 g5 34.
Rd5 g4 35. Qa6 gxf3+ 36. Kf1 Qxh2 37. Ke1 Qg1+ 38. Kd2 Qxf2+ 39. Kd3 Qe2# 0-1

[Event "21. Copenhagen Open  (Politiken Cup)"]
[Site "Copenhagen"]
[Date "1999.07.10"]
[Round "7"]
[White "Jensen, Jannick"]
[Black "Maarup, Michael"]
[Result "0-1"]
[WhiteElo "1967"]
[BlackElo "2184"]
[PlyCount "50"]
[EventDate "1999.07.03"]
[EventType "swiss"]
[EventRounds "11"]
[EventCountry "DEN"]
[SourceDate "2004.01.01"]

1. e4 d6 2. d4 Nf6 3. Bd3 g6 4. c3 Bg7 5. f4 e5 6. Nf3 exd4 7. cxd4 O-O 8. O-O
c6 9. Nc3 Na6 10. Qe1 Re8 11. Kh1 Nxe4 12. Nxe4 f5 13. Nfg5 fxe4 14. Bc4+ d5
15. Bb3 h6 16. Nh3 Bxd4 17. f5 g5 18. Qg3 Qc7 19. Qg4 Qg7 20. Qh5 Rf8 21. Nxg5
Bxf5 22. Ne6 Bh3 23. Bg5 Rxf1+ 24. Rxf1 Bxe6 25. Bxh6 Qg4 0-1

[Event "21. Copenhagen Open  (Politiken Cup)"]
[Site "Copenhagen"]
[Date "1999.07.10"]
[Round "7"]
[White "Jessen, Simon Pind"]
[Black "Schmied, Andreas"]
[Result "0-1"]
[WhiteElo "1939"]
[BlackElo "2162"]
[PlyCount "66"]
[EventDate "1999.07.03"]
[EventType "swiss"]
[EventRounds "11"]
[EventCountry "DEN"]
[SourceDate "2004.01.01"]

1. d4 Nf6 2. c4 e6 3. Nf3 c5 4. d5 exd5 5. cxd5 d6 6. Nc3 g6 7. e4 Bg7 8. Bg5
h6 9. Bh4 O-O 10. Be2 a6 11. a4 Bg4 12. Nd2 Bxe2 13. Qxe2 Re8 14. O-O Nbd7 15.
f4 Qc7 16. Qf3 c4 17. Bf2 b6 18. Rac1 Rab8 19. Na2 b5 20. Nb4 Qa5 21. Nc6 Qxd2
22. Rfd1 Qxb2 23. Rb1 Qc2 24. Rdc1 Qxe4 25. Qxe4 Nxe4 26. Nxb8 Rxb8 27. axb5
axb5 28. Be1 c3 29. Rb4 f5 30. Kf1 Ndc5 31. Ke2 Na6 32. Rbb1 b4 33. Kd3 Nac5+
0-1

[Event "21. Copenhagen Open  (Politiken Cup)"]
[Site "Copenhagen"]
[Date "1999.07.10"]
[Round "7"]
[White "Johansson, Thomas"]
[Black "Schyberg, Brian"]
[Result "1-0"]
[WhiteElo "2218"]
[BlackElo "1954"]
[PlyCount "73"]
[EventDate "1999.07.03"]
[EventType "swiss"]
[EventRounds "11"]
[EventCountry "DEN"]
[SourceDate "2004.01.01"]

1. e4 Nc6 2. d4 d5 3. Nc3 dxe4 4. d5 Ne5 5. Qd4 Ng6 6. h4 e5 7. Qa4+ Bd7 8. Qb3
Qc8 9. h5 N6e7 10. Be3 Nf6 11. Bg5 Neg8 12. f4 exf4 13. Bxf4 a6 14. O-O-O Bd6
15. Bxd6 cxd6 16. Re1 Bf5 17. g4 Bxg4 18. Nxe4 Nxe4 19. Qa4+ Kf8 20. Qxe4 Qd7
21. Bh3 Nf6 22. Qd4 h6 23. Bxg4 Qxg4 24. Qb6 Qd7 25. Ne2 Nxd5 26. Qd4 Nf6 27.
Ref1 Rd8 28. Rxf6 gxf6 29. Qxf6 Rh7 30. Nf4 Re8 31. Rg1 Re4 32. Ng6+ Ke8 33.
Ne5 Re1+ 34. Rxe1 dxe5 35. Qxe5+ Kf8 36. Rg1 b5 37. Qc5+ 1-0

[Event "21. Copenhagen Open  (Politiken Cup)"]
[Site "Copenhagen"]
[Date "1999.07.10"]
[Round "7"]
[White "Jorgensen, Morten"]
[Black "Hansen, Erik Friberg"]
[Result "0-1"]
[WhiteElo "1151"]
[BlackElo "1028"]
[PlyCount "86"]
[EventDate "1999.07.03"]
[EventType "swiss"]
[EventRounds "11"]
[EventCountry "DEN"]
[SourceDate "2004.01.01"]

1. e4 c5 2. Nf3 d6 3. d4 cxd4 4. Nxd4 Nf6 5. Nc3 Bd7 6. Be2 g6 7. Be3 a6 8. Qd2
Bg7 9. f3 O-O 10. O-O-O Nc6 11. Bc4 Qc8 12. h4 Nxd4 13. Qxd4 Ng4 14. Bxf7+ Rxf7
15. Qd2 Nxe3 16. Qxe3 Bxc3 17. Qxc3 Qxc3 18. bxc3 Rc8 19. Kb2 b5 20. Rd5 Rff8
21. h5 Be8 22. hxg6 Bxg6 23. Rg5 Rc5 24. Rhh5 Rxg5 25. Rxg5 e5 26. Kb3 Rc8 27.
Kb4 Kf7 28. Rg3 Ke6 29. Rh3 d5 30. exd5+ Kxd5 31. Kb3 Rf8 32. Rh4 Rf4 33. Rh1
e4 34. Rd1+ Kc5 35. Rd4 Bf7+ 36. Kb2 Bd5 37. fxe4 Rxe4 38. Rxe4 Bxe4 39. g3 Kc4
40. g4 h6 41. a4 bxa4 42. Ka3 Kxc3 43. Kxa4 Bxc2+ 0-1

[Event "21. Copenhagen Open  (Politiken Cup)"]
[Site "Copenhagen"]
[Date "1999.07.10"]
[Round "7"]
[White "Karlsen, Arne"]
[Black "Pedersen, Steen"]
[Result "1-0"]
[WhiteElo "2022"]
[BlackElo "1677"]
[PlyCount "49"]
[EventDate "1999.07.03"]
[EventType "swiss"]
[EventRounds "11"]
[EventCountry "DEN"]
[SourceDate "2004.01.01"]

1. e4 d5 2. exd5 Qxd5 3. Nc3 Qa5 4. d4 Nf6 5. Nf3 Bf5 6. Ne5 c6 7. g4 Be4 8.
Nc4 Qc7 9. Nxe4 Nxe4 10. Qf3 Nf6 11. Bf4 Qd8 12. O-O-O e6 13. Bd3 Qd5 14. Qg3
Nbd7 15. Kb1 O-O-O 16. c3 Ne4 17. Qe3 Nd6 18. Nxd6+ Bxd6 19. c4 Bxf4 20. Qxf4
Qa5 21. Qxf7 Rhf8 22. Qxe6 Rxf2 23. Qe3 Rdf8 24. Bf5 Rg2 25. Qf3 1-0

[Event "21. Copenhagen Open  (Politiken Cup)"]
[Site "Copenhagen"]
[Date "1999.07.10"]
[Round "7"]
[White "Kokholm, Daniel"]
[Black "Maechel, Michael"]
[Result "1-0"]
[WhiteElo "1892"]
[BlackElo "1611"]
[PlyCount "41"]
[EventDate "1999.07.03"]
[EventType "swiss"]
[EventRounds "11"]
[EventCountry "DEN"]
[SourceDate "2004.01.01"]

1. d4 Nf6 2. Nc3 d5 3. e4 dxe4 4. f3 exf3 5. Nxf3 Bg4 6. Bc4 e6 7. Be3 Bd6 8.
O-O O-O 9. h3 Bh5 10. Bd3 c6 11. Qe1 Bxf3 12. Rxf3 Nd5 13. Ne4 Nxe3 14. Qxe3
Bc7 15. Raf1 Nd7 16. Ng5 Nf6 17. Rxf6 gxf6 18. Nxh7 f5 19. Qh6 Qxd4+ 20. Kh1
Be5 21. Ng5 1-0

[Event "21. Copenhagen Open  (Politiken Cup)"]
[Site "Copenhagen"]
[Date "1999.07.10"]
[Round "7"]
[White "Kragh, Niels Kristian"]
[Black "Mashiri, Artur"]
[Result "1/2-1/2"]
[WhiteElo "1813"]
[BlackElo "2073"]
[PlyCount "82"]
[EventDate "1999.07.03"]
[EventType "swiss"]
[EventRounds "11"]
[EventCountry "DEN"]
[SourceDate "2004.01.01"]

1. e4 c5 2. c3 e6 3. d4 d5 4. e5 Qb6 5. Nf3 Nc6 6. Be2 Nh6 7. Bxh6 gxh6 8. Qd2
Bg7 9. O-O O-O 10. Na3 a6 11. Nc2 cxd4 12. cxd4 f6 13. exf6 Rxf6 14. b4 Bd7 15.
a4 Raf8 16. b5 Ne7 17. Ne5 Be8 18. Qb4 Ng6 19. bxa6 Qxb4 20. Nxb4 bxa6 21. Nxa6
Nxe5 22. dxe5 Rf4 23. Nc5 Bxe5 24. Nxe6 Bxa1 25. Nxf4 Rxf4 26. Rxa1 Rxa4 27.
Rxa4 Bxa4 28. Bd3 Kg7 29. Kf1 Be8 30. Ke2 Bg6 31. Ke3 Kf6 32. f4 h5 33. h4 Ke6
34. Kd4 Bf7 35. Bxh7 Kf6 36. Bc2 Be6 37. Bb3 Kf5 38. g3 Kg4 39. Ke5 Kxg3 40.
Bd1 Bf7 41. Kf6 Kxf4 1/2-1/2

[Event "21. Copenhagen Open  (Politiken Cup)"]
[Site "Copenhagen"]
[Date "1999.07.10"]
[Round "7"]
[White "Larusdottir, Aldis Run"]
[Black "Henrichsen, Jens"]
[Result "0-1"]
[WhiteElo "1350"]
[BlackElo "2059"]
[PlyCount "98"]
[EventDate "1999.07.03"]
[EventType "swiss"]
[EventRounds "11"]
[EventCountry "DEN"]
[SourceDate "2004.01.01"]

1. d4 Nf6 2. c4 g6 3. Nc3 Bg7 4. Nf3 O-O 5. e3 d6 6. b3 Nbd7 7. Bb2 c6 8. Bd3
Re8 9. O-O e5 10. dxe5 dxe5 11. e4 Nc5 12. Bc2 Qc7 13. Re1 Bg4 14. h3 Rad8 15.
Qe2 Bc8 16. Rad1 Nh5 17. Qe3 b6 18. Ne2 Nf4 19. Rxd8 Rxd8 20. Qc3 Nfd3 21. Bxd3
Nxd3 22. Rd1 Nxb2 23. Rxd8+ Qxd8 24. Qxb2 Qd3 25. Nc3 f5 26. Qd2 Qxd2 27. Nxd2
Kf7 28. f3 Bh6 29. Nf1 Ke6 30. Kf2 Kd6 31. Ke2 Kc5 32. Kd3 b5 33. cxb5 cxb5 34.
Nd5 b4 35. Nf6 Ba6+ 36. Kc2 Bxf1 37. exf5 gxf5 38. Nxh7 Bxg2 39. h4 Bxf3 40.
Nf6 Be4+ 41. Kb2 Bd5 42. Kc2 Bf7 43. Kd3 Kd6 44. Nh7 Ke7 45. Ng5 Bxg5 46. hxg5
Kd6 47. Kd2 Kd5 48. Ke3 f4+ 49. Kf3 Bh5+ 0-1

[Event "21. Copenhagen Open  (Politiken Cup)"]
[Site "Copenhagen"]
[Date "1999.07.10"]
[Round "7"]
[White "Laursen, Niels Norskov"]
[Black "Coleman, David"]
[Result "0-1"]
[WhiteElo "2055"]
[BlackElo "2240"]
[PlyCount "74"]
[EventDate "1999.07.03"]
[EventType "swiss"]
[EventRounds "11"]
[EventCountry "DEN"]
[SourceDate "2004.01.01"]

1. Nf3 c5 2. e4 d6 3. d4 cxd4 4. Nxd4 Nf6 5. Nc3 a6 6. Bc4 e6 7. Bb3 b5 8. a3
Be7 9. O-O O-O 10. f3 Bb7 11. Be3 Nc6 12. Qd2 Qc7 13. Nxc6 Bxc6 14. Rad1 Rfd8
15. Qf2 Qb7 16. g4 a5 17. Ne2 g6 18. Nd4 Be8 19. Bg5 Kh8 20. h4 Rac8 21. h5
gxh5 22. Qh4 Ng8 23. Bxe7 Qxe7 24. g5 Qf8 25. Rd2 Qg7 26. f4 a4 27. Ba2 Ne7 28.
f5 Rc5 29. Bxe6 Nc6 30. Nxc6 Bxc6 31. Bxf7 Qxf7 32. g6 Rg8 33. Rg2 hxg6 34.
fxg6 Qe6 35. Rf7 Rxg6 36. Rf8+ Kg7 37. Rff2 Bxe4 0-1

[Event "21. Copenhagen Open  (Politiken Cup)"]
[Site "Copenhagen"]
[Date "1999.07.10"]
[Round "7"]
[White "Lund, Thomas"]
[Black "Nielsen, Borge Hjerrild"]
[Result "0-1"]
[WhiteElo "1691"]
[BlackElo "2142"]
[PlyCount "114"]
[EventDate "1999.07.03"]
[EventType "swiss"]
[EventRounds "11"]
[EventCountry "DEN"]
[SourceDate "2004.01.01"]

1. d4 Nf6 2. c4 e6 3. Nc3 d5 4. cxd5 exd5 5. Bg5 Be7 6. e3 c6 7. Bd3 Nbd7 8.
Nge2 O-O 9. O-O Ne4 10. Bxe7 Qxe7 11. Re1 f5 12. f3 Nd6 13. Nf4 Nf6 14. h4 Bd7
15. Qd2 Rae8 16. b4 b5 17. a4 a6 18. axb5 axb5 19. Kf2 Ra8 20. Qb2 Rxa1 21.
Rxa1 Nfe4+ 22. fxe4 fxe4 23. Bxb5 Qxh4+ 24. Kg1 cxb5 25. Ncxd5 Nc4 26. Qe2 Bg4
27. Qe1 Qd8 28. Ra7 Rf7 29. Rxf7 Kxf7 30. Qf2 Kg8 31. Nc3 Nd6 32. Qa2+ Kf8 33.
Ne6+ Bxe6 34. Qxe6 Qe7 35. Qg4 g6 36. Qf4+ Kg7 37. Nd5 Qd8 38. Qe5+ Kf7 39.
Qf4+ Kg7 40. Qe5+ Kf7 41. Nc3 Qe7 42. Qd5+ Qe6 43. Qc6 Qc4 44. Qd7+ Kg8 45.
Qxd6 Qxc3 46. Qd5+ Kg7 47. Qe5+ Kg8 48. Qd5+ Kg7 49. Qe5+ Kg8 50. Qxe4 Qxb4 51.
Kf2 Qd2+ 52. Kf3 b4 53. Kf4 Qf2+ 54. Ke5 Qf5+ 55. Qxf5 gxf5 56. d5 b3 57. d6
Kf7 0-1

[Event "21. Copenhagen Open  (Politiken Cup)"]
[Site "Copenhagen"]
[Date "1999.07.10"]
[Round "7"]
[White "Lyell, Mark"]
[Black "Ori, Marco"]
[Result "1-0"]
[WhiteElo "2238"]
[BlackElo "2068"]
[PlyCount "45"]
[EventDate "1999.07.03"]
[EventType "swiss"]
[EventRounds "11"]
[EventCountry "DEN"]
[SourceDate "2004.01.01"]

1. e4 c6 2. d4 d5 3. exd5 cxd5 4. c4 Nf6 5. Nc3 e6 6. Nf3 Be7 7. cxd5 Nxd5 8.
Bd3 O-O 9. O-O b6 10. Nxd5 exd5 11. Ne5 f6 12. Qh5 f5 13. Re1 Bd7 14. Nxd7 Qxd7
15. Bb5 Qxb5 16. Rxe7 Nc6 17. Rc7 Nxd4 18. Bd2 Qxb2 19. Bc3 Qc2 20. Rxg7+ Kxg7
21. Bxd4+ Kg8 22. Qg5+ Kf7 23. Re1 1-0

[Event "21. Copenhagen Open  (Politiken Cup)"]
[Site "Copenhagen"]
[Date "1999.07.10"]
[Round "7"]
[White "Lyrberg, Patrik"]
[Black "Hansen, Sune Berg"]
[Result "1/2-1/2"]
[WhiteElo "2395"]
[BlackElo "2558"]
[PlyCount "86"]
[EventDate "1999.07.03"]
[EventType "swiss"]
[EventRounds "11"]
[EventCountry "DEN"]
[SourceDate "2004.01.01"]

1. e4 c5 2. d3 Nc6 3. g3 d5 4. Nc3 dxe4 5. Nxe4 e6 6. Bg2 Be7 7. Nf3 Nf6 8. O-O
O-O 9. Nxf6+ Bxf6 10. Re1 Bd7 11. c3 Rc8 12. Be3 Ne7 13. Qb3 b6 14. Rad1 Bc6
15. d4 c4 16. Qc2 Qc7 17. Qe2 Bd5 18. Bf4 Qb7 19. Be5 Bxe5 20. dxe5 Nf5 21. Rd2
Rc5 22. Red1 Qb8 23. Re1 Rd8 24. Red1 Re8 25. Nd4 Bxg2 26. Kxg2 Ne7 27. f4 h6
28. Nc2 b5 29. a3 a5 30. Qe4 Nd5 31. Ne3 Nb6 32. h4 Na4 33. Ng4 Rcc8 34. Nf2 b4
35. axb4 axb4 36. Qf3 Red8 37. Ne4 Rd3 38. Rxd3 cxd3 39. Rxd3 Nxb2 40. Rd7 bxc3
41. Nxc3 Qb3 42. Ne4 Rc2+ 43. Nf2 Qxf3+ 1/2-1/2

[Event "21. Copenhagen Open  (Politiken Cup)"]
[Site "Copenhagen"]
[Date "1999.07.10"]
[Round "7"]
[White "Lonborg, Morten"]
[Black "Madhy, Nezar"]
[Result "1-0"]
[WhiteElo "2159"]
[BlackElo "1689"]
[PlyCount "63"]
[EventDate "1999.07.03"]
[EventType "swiss"]
[EventRounds "11"]
[EventCountry "DEN"]
[SourceDate "2004.01.01"]

1. e4 c5 2. Nf3 d6 3. d4 cxd4 4. Nxd4 Nf6 5. Nc3 a6 6. Be3 b5 7. Bd3 Bb7 8. a3
Nbd7 9. Nb3 Ne5 10. O-O g6 11. Qe2 Bg7 12. f4 Neg4 13. Bd2 h5 14. Rae1 Rc8 15.
e5 dxe5 16. fxe5 Nd5 17. e6 f5 18. Nxd5 Bxd5 19. Bf4 Bxb2 20. c4 bxc4 21. Qxb2
c3 22. Qe2 Bxb3 23. Bxa6 Qb6+ 24. Kh1 Ra8 25. Bb5+ Kf8 26. Be5 Rh6 27. Bxc3
Rxa3 28. Ra1 Rxa1 29. Rxa1 Bd5 30. Bc4 Nf2+ 31. Qxf2 Qxf2 32. Bxd5 1-0

[Event "21. Copenhagen Open  (Politiken Cup)"]
[Site "Copenhagen"]
[Date "1999.07.10"]
[Round "7"]
[White "Matthiesen, Martin"]
[Black "Jensen, Kasper Smith"]
[Result "1-0"]
[WhiteElo "2322"]
[BlackElo "1944"]
[PlyCount "39"]
[EventDate "1999.07.03"]
[EventType "swiss"]
[EventRounds "11"]
[EventCountry "DEN"]
[SourceDate "2004.01.01"]

1. d4 d5 2. c4 e5 3. dxe5 d4 4. Nf3 Nc6 5. g3 Be6 6. Bg2 Bxc4 7. O-O Nge7 8.
Na3 Ba6 9. b4 Nxb4 10. Nxd4 Ned5 11. e6 f6 12. Qb3 c6 13. Rd1 Qb6 14. e4 Bc5
15. Nf5 Bxf2+ 16. Kh1 O-O-O 17. exd5 Nxd5 18. Bxd5 Be2 19. Bf4 Qxb3 20. Ne7#
1-0

[Event "21. Copenhagen Open  (Politiken Cup)"]
[Site "Copenhagen"]
[Date "1999.07.10"]
[Round "7"]
[White "McShane, Rod"]
[Black "Jacobsen, Jesper Howalt"]
[Result "0-1"]
[WhiteElo "1352"]
[BlackElo "1180"]
[PlyCount "61"]
[EventDate "1999.07.03"]
[EventType "swiss"]
[EventRounds "11"]
[EventCountry "DEN"]
[SourceDate "2004.01.01"]

1. e4 e6 2. d4 Be7 3. Nf3 d6 4. c4 Nf6 5. Nc3 O-O 6. Bd3 Nbd7 7. O-O g6 8. Bg5
Ne8 9. Bh6 Ng7 10. Qd2 Re8 11. Rae1 Bf8 12. e5 Nf5 13. Bxf5 exf5 14. Bxf8 Nxf8
15. exd6 Rxe1 16. Rxe1 Qxd6 17. Nb5 Qd8 18. Qf4 Ne6 19. Qe3 c6 20. Nc3 b6 21.
h3 Ba6 22. b3 Rc8 23. d5 cxd5 24. Nxd5 Bb7 25. Nc3 f4 26. Qc1 Bxf3 27. gxf3
Qg5+ 28. Kh2 Nd4 29. Kh1 Qh4 30. Nd5 Qxh3+ 31. Kg1 0-1

[Event "21. Copenhagen Open  (Politiken Cup)"]
[Site "Copenhagen"]
[Date "1999.07.10"]
[Round "7"]
[White "Meulenbroek, Kim"]
[Black "Grigoryan, Meri"]
[Result "1-0"]
[WhiteElo "1940"]
[BlackElo "2100"]
[PlyCount "77"]
[EventDate "1999.07.03"]
[EventType "swiss"]
[EventRounds "11"]
[EventCountry "DEN"]
[SourceDate "2004.01.01"]

1. e4 c6 2. d4 d5 3. e5 Bf5 4. Nf3 e6 5. Be2 c5 6. Be3 c4 7. O-O Nc6 8. c3 Qb6
9. b3 cxb3 10. axb3 h6 11. c4 Nb4 12. c5 Qc7 13. Na3 a6 14. Qd2 Nc6 15. Nb5 Qd8
16. Nd6+ Bxd6 17. exd6 Nf6 18. b4 Nd7 19. b5 axb5 20. Bxb5 Na7 21. Rxa7 Rxa7
22. Ne5 f6 23. Nxd7 Kf7 24. Nb6 Rf8 25. Qb2 Rh8 26. Ra1 Qb8 27. Ra3 Rd8 28. Bf4
Rxa3 29. Qxa3 g5 30. Bg3 Be4 31. Qa1 f5 32. f3 f4 33. fxe4 fxg3 34. exd5 exd5
35. Qa2 gxh2+ 36. Kh1 Kg6 37. Qxd5 Qa7 38. Qe6+ Kh5 39. Be2+ 1-0

[Event "21. Copenhagen Open  (Politiken Cup)"]
[Site "Copenhagen"]
[Date "1999.07.10"]
[Round "7"]
[White "Mortensen, Henrik"]
[Black "Jensen, Torben W"]
[Result "1-0"]
[WhiteElo "2078"]
[BlackElo "1740"]
[PlyCount "77"]
[EventDate "1999.07.03"]
[EventType "swiss"]
[EventRounds "11"]
[EventCountry "DEN"]
[SourceDate "2004.01.01"]

1. e4 c5 2. Nf3 d6 3. d4 cxd4 4. Nxd4 Nf6 5. f3 g6 6. c4 Bg7 7. Be3 O-O 8. Nc3
a6 9. Be2 Nc6 10. O-O Qc7 11. Rc1 Bd7 12. Qd2 Ne5 13. b3 Rac8 14. Rfd1 Qd8 15.
a4 Nc6 16. Nc2 Be6 17. Nd5 Nd7 18. b4 Re8 19. h3 f6 20. a5 Kf7 21. Nf4 Nf8 22.
Nxe6 Nxe6 23. Qd5 Qc7 24. f4 f5 25. exf5 Ncd8 26. fxe6+ Kg8 27. Nd4 Rf8 28. Rf1
Nc6 29. Nxc6 bxc6 30. Qd3 c5 31. bxc5 dxc5 32. f5 Qg3 33. Rf3 Qe5 34. Rcf1 Rcd8
35. Qc2 Rb8 36. fxg6 Rb2 37. gxh7+ Kh8 38. Qg6 Rxe2 39. Rxf8+ 1-0

[Event "21. Copenhagen Open  (Politiken Cup)"]
[Site "Copenhagen"]
[Date "1999.07.10"]
[Round "7"]
[White "Nielsen, Frode Benedikt"]
[Black "Hansen, Erik Svaerke"]
[Result "1/2-1/2"]
[WhiteElo "1949"]
[BlackElo "1626"]
[PlyCount "81"]
[EventDate "1999.07.03"]
[EventType "swiss"]
[EventRounds "11"]
[EventCountry "DEN"]
[SourceDate "2004.01.01"]

1. e4 c5 2. Nf3 a6 3. c4 g6 4. d4 Bg7 5. d5 d6 6. a4 e5 7. Nc3 Nf6 8. h3 O-O 9.
Bg5 h6 10. Bxf6 Qxf6 11. Qd2 Qf4 12. a5 Bd7 13. Bd3 h5 14. O-O Qf6 15. h4 Bg4
16. Ng5 Bh6 17. f3 Bd7 18. Ne2 Qe7 19. f4 f6 20. Nh3 Bg4 21. Rf3 Bxf3 22. gxf3
Nd7 23. Kh1 Kh8 24. Rg1 Rg8 25. Qc3 exf4 26. Nhxf4 Ne5 27. Bc2 Kh7 28. Ne6 f5
29. Ng5+ Bxg5 30. hxg5 fxe4 31. Bxe4 Raf8 32. Rg3 Ng4 33. Kg2 Nf2 34. Bxg6+
Rxg6 35. Kxf2 Rxg5 36. b4 Rxg3 37. Nxg3 Qh4 38. Qd3+ Kh8 39. Qc3+ Kh7 40. Qd3+
Kh8 41. Qc3+ 1/2-1/2

[Event "21. Copenhagen Open  (Politiken Cup)"]
[Site "Copenhagen"]
[Date "1999.07.10"]
[Round "7"]
[White "Nielsen, Michael Backmann"]
[Black "Jensen, John Klaus"]
[Result "1-0"]
[WhiteElo "1514"]
[BlackElo "1563"]
[PlyCount "53"]
[EventDate "1999.07.03"]
[EventType "swiss"]
[EventRounds "11"]
[EventCountry "DEN"]
[SourceDate "2004.01.01"]

1. d4 d6 2. e4 g6 3. Nc3 Nf6 4. f4 Bg7 5. Nf3 c6 6. Bd3 O-O 7. O-O Bg4 8. h3
Bxf3 9. Qxf3 Qa5 10. e5 Ne8 11. Be3 Na6 12. a3 d5 13. f5 b5 14. Bg5 f6 15. fxg6
hxg6 16. Bxg6 fxg5 17. Bf7+ Rxf7 18. Qxf7+ Kh7 19. Qh5+ Bh6 20. Rf7+ Ng7 21.
Rxg7+ Kxg7 22. Rf1 Rf8 23. Rxf8 Kxf8 24. Qxh6+ Kf7 25. e6+ Kg8 26. Qxg5+ Kf8
27. Qg6 1-0

[Event "21. Copenhagen Open  (Politiken Cup)"]
[Site "Copenhagen"]
[Date "1999.07.10"]
[Round "7"]
[White "Nilssen, John Arni"]
[Black "Gunter, David WW"]
[Result "1-0"]
[WhiteElo "2326"]
[BlackElo "2146"]
[PlyCount "59"]
[EventDate "1999.07.03"]
[EventType "swiss"]
[EventRounds "11"]
[EventCountry "DEN"]
[SourceDate "2004.01.01"]

1. d4 Nf6 2. c4 g6 3. Nc3 Bg7 4. e4 d6 5. Be2 O-O 6. Bg5 Na6 7. f4 c6 8. Nf3
Bg4 9. Qd2 Re8 10. O-O Qb6 11. Kh1 Nd7 12. Rad1 Nf8 13. Bh4 Ne6 14. Bf2 Bxf3
15. Bxf3 c5 16. dxc5 dxc5 17. e5 Nb4 18. a3 Nc6 19. b4 Qd8 20. Qc1 Qc8 21. bxc5
Nb8 22. Qb2 Nc6 23. Nd5 Rb8 24. Bg4 Ncd8 25. Be3 Qc6 26. Qb3 a6 27. Qb4 Bf8 28.
Bf3 Qc8 29. Nb6 Nc6 30. Qb2 1-0

[Event "21. Copenhagen Open  (Politiken Cup)"]
[Site "Copenhagen"]
[Date "1999.07.10"]
[Round "7"]
[White "Nolsoe, Eydun"]
[Black "Damgaard, Sven"]
[Result "1-0"]
[WhiteElo "2184"]
[BlackElo "1939"]
[PlyCount "105"]
[EventDate "1999.07.03"]
[EventType "swiss"]
[EventRounds "11"]
[EventCountry "DEN"]
[SourceDate "2004.01.01"]

1. e4 d5 2. exd5 Nf6 3. d4 Nxd5 4. c4 Nb6 5. Nf3 g6 6. Nc3 Bg7 7. h3 O-O 8. Be2
Nc6 9. Be3 e5 10. d5 Ne7 11. O-O Nf5 12. Bg5 f6 13. Bd2 Re8 14. Qc2 Nd7 15.
Rfe1 c5 16. dxc6 bxc6 17. Ne4 Qc7 18. c5 Nf8 19. Bc4+ Kh8 20. g4 Nd4 21. Nxd4
exd4 22. Nd6 Rxe1+ 23. Rxe1 h5 24. Re8 Kh7 25. gxh5 Bf5 26. hxg6+ Bxg6 27. Bd3
Rxe8 28. Nxe8 Qd7 29. Nxg7 Qxg7 30. Bxg6+ Nxg6 31. Qe4 Qd7 32. Kh2 Kg7 33. h4
f5 34. Qg2 Kf7 35. h5 Ne5 36. h6 Kf8 37. Bf4 Ng4+ 38. Kg1 Qe6 39. Qf3 Kg8 40.
Qb3 Qxb3 41. axb3 d3 42. Kf1 Nf6 43. Ke1 Nd5 44. Bg5 Kh7 45. Kd2 f4 46. Kxd3
Kg6 47. Kd4 a6 48. f3 a5 49. Bd8 Kxh6 50. Ke5 Nb4 51. Kd6 Nc2 52. Kxc6 Nd4+ 53.
Kb7 1-0

[Event "21. Copenhagen Open  (Politiken Cup)"]
[Site "Copenhagen"]
[Date "1999.07.10"]
[Round "7"]
[White "Nuoristo, Peter"]
[Black "Naes, Flovin Tor"]
[Result "1-0"]
[WhiteElo "2266"]
[BlackElo "2222"]
[PlyCount "80"]
[EventDate "1999.07.03"]
[EventType "swiss"]
[EventRounds "11"]
[EventCountry "DEN"]
[SourceDate "2004.01.01"]

1. c4 e5 2. Nc3 Nf6 3. g3 d5 4. cxd5 Nxd5 5. Bg2 Nxc3 6. bxc3 c6 7. Nf3 Qc7 8.
O-O Be7 9. e4 O-O 10. d4 Bf6 11. Nxe5 Bxe5 12. dxe5 Qxe5 13. Qd4 Qa5 14. Rd1
Bg4 15. f3 Be6 16. Bf4 Na6 17. Bd6 Rfd8 18. e5 Rd7 19. f4 Rad8 20. Rdb1 Nc7 21.
c4 Qa6 22. Rc1 Qa4 23. Qe4 g6 24. Qe2 Qa6 25. Qc2 c5 26. Qb3 b5 27. Bf1 Ne8 28.
Bxc5 Qc6 29. cxb5 Qe4 30. Qe3 Qf5 31. Be2 Qh3 32. Rd1 Bd5 33. Bf3 Bxf3 34. Qxf3
Rd2 35. Bf2 Ng7 36. Rxd2 Rxd2 37. Rd1 Rxd1+ 38. Qxd1 Nf5 39. a4 h5 40. a5 h4 {
tid} 1-0

[Event "21. Copenhagen Open  (Politiken Cup)"]
[Site "Copenhagen"]
[Date "1999.07.10"]
[Round "7"]
[White "Olsen, Miriam Frida"]
[Black "Hau, Helge"]
[Result "0-1"]
[WhiteElo "1000"]
[BlackElo "1492"]
[PlyCount "130"]
[EventDate "1999.07.03"]
[EventType "swiss"]
[EventRounds "11"]
[EventCountry "DEN"]
[SourceDate "2004.01.01"]

1. d4 e6 2. c4 g6 3. Nc3 Bg7 4. e4 d6 5. Nf3 Ne7 6. Bf4 O-O 7. Qd2 b6 8. Bh6
Bb7 9. Bxg7 Kxg7 10. h3 Nd7 11. g4 f5 12. Ng5 Rf6 13. d5 exd5 14. exd5 Nf8 15.
Qd4 Bc8 16. Bg2 Rb8 17. O-O-O h6 18. Nf3 fxg4 19. hxg4 Bxg4 20. Qxg4 Ng8 21.
Qd4 Kf7 22. Ne4 Rf5 23. Nfd2 Re5 24. Bh3 Qe8 25. Qe3 b5 26. Qxa7 Re7 27. cxb5
Qxb5 28. b3 Rb7 29. Qe3 Qxd5 30. Qf4+ Kg7 31. Bg2 Qc6+ 32. Kb1 d5 33. Ng3 Qb5
34. Qd4+ Nf6 35. Qf4 Qd3+ 36. Kb2 Ng8 37. Qf3 Qxf3 38. Bxf3 c6 39. Be2 Nd7 40.
Rc1 Rb6 41. a4 Nb8 42. a5 Rb4 43. a6 Ra7 44. Ra1 Rb6 45. Rhc1 Ne7 46. Nf3 Kf6
47. Ra2 Ke6 48. Rca1 c5 49. Nh4 Nbc6 50. Bd3 Kf6 51. f4 Nb4 52. Kc3 Nxa2+ 53.
Rxa2 Rb4 54. Ra4 Rxa4 55. bxa4 c4 56. Bxc4 dxc4 57. Kxc4 Rxa6 58. Kb5 Re6 59.
Nf3 Nc8 60. Nd4 Na7+ 61. Kb4 Re3 62. Nf1 Re4 63. Kc5 Rxf4 64. Ne3 Kf7 65. a5 h5
0-1